banner-ar

IMPORTANT ADVENCES IN ONCOLOGY 1994 / (Record no. 13854)

MARC details
000 -الفاتح
حقل البيانات ثابتة الطول 00527nam a2200193Ia 4500
008 - عناصر البيانات ثابتة الطول - معلومات عامة
حقل البيانات ثابتة الطول 140319s9999 xx 000 0 eng d
040 ## - مصدر الفهرسة
وكالة الفهرسة الأصلية GCL /
وكالة النسخ GCL
082 04 - رقم تصنيف ديوى العشرى
رقم التصنيف 616.992
رقم المادة D I
100 1# - المدخل الرئيسى - إسم شخصى
الإسم الشخصى DEVITA,VINCENT T
245 10 - بيان العنوان
العنوان IMPORTANT ADVENCES IN ONCOLOGY 1994 /
بيان المسئوليه,etc DEVITA,VINCENT T
700 1# - المدخل الاضافى - اسم شخصى
الإسم الشخصى HELLMAN,SAMUEL
700 1# - المدخل الاضافى - اسم شخصى
الإسم الشخصى RESENBERG, STEVEN A.
260 ## - PUBLICATION, DISTRIBUTION, ETC. (IMPRINT)
تاريخ النشر أو التوزيع 1994
300 ## - الوصف المادى
التعداد 250
650 04 - المدخل الاضافى بالموضوع-مصطلح موضوعى
مصطلح موضوعي ONCOLOGY
650 04 - المدخل الاضافى بالموضوع-مصطلح موضوعى
مصطلح موضوعي ANTIBOD-TOXIN CANJUGATES
942 ## - عناصر المدخل الإضافي( كوها)
مصدر التصنيف او مخطط الترفيف Dewey Decimal Classification
Koha [default] item type كتاب
260 ## - PUBLICATION, DISTRIBUTION, ETC. (IMPRINT)
-- [S.N] :
-- J. B LIPPINCOTT COMPANY ،
Holdings
حالة التراجع حالة الفقد حالة تلف ليس للاعارة المكان المؤقت الموقع الحالى تاريخ الاكتساب اجمالي اﻻعارات رقم الطلب الباركود تاريخ اخر مشاهدة تاريخ تفعيل السعر نوع وعاء كوها
        مكتبة القاهرة الكبرى مكتبة القاهرة الكبرى 03/26/2014   616.992\D I 26243 03/26/2014 03/26/2014 كتاب

Powered By

EGPV